Adhunik manak hindi nibhandh. (Record no. 104635)
[ view plain ]
| 000 -LEADER | |
|---|---|
| fixed length control field | 00576nam a2200193Ia 4500 |
| 003 - CONTROL NUMBER IDENTIFIER | |
| control field | OSt |
| 005 - DATE AND TIME OF LATEST TRANSACTION | |
| control field | 20240417103815.0 |
| 008 - FIXED-LENGTH DATA ELEMENTS--GENERAL INFORMATION | |
| fixed length control field | 210210b1998 xxu||||| |||| 00| 0 eng d |
| 040 ## - CATALOGING SOURCE | |
| Original cataloging agency | AL |
| Transcribing agency | |
| 041 ## - LANGUAGE CODE | |
| Language code of text/sound track or separate title | Hindi |
| 082 ## - DEWEY DECIMAL CLASSIFICATION NUMBER | |
| Classification number | H891.4 TARA |
| 100 ## - MAIN ENTRY--PERSONAL NAME | |
| Personal name | TARUN (Harivamsh) |
| 9 (RLIN) | 16998 |
| Dates associated with a name | हरिवंश तरुण |
| 245 ## - TITLE STATEMENT | |
| Title | Adhunik manak hindi nibhandh. |
| Remainder of title | आधुनिक मानक हिन्दी निबन्ध |
| 260 ## - PUBLICATION, DISTRIBUTION, ETC. | |
| Place of publication, distribution, etc. | New Delhi. |
| Name of publisher, distributor, etc. | Prakashan Samsthan., |
| Date of publication, distribution, etc. | 1998 |
| 300 ## - PHYSICAL DESCRIPTION | |
| Extent | 160 |
| 690 ## - LOCAL SUBJECT ADDED ENTRY--TOPICAL TERM (OCLC, RLIN) | |
| Topical term or geographic name as entry element | Hindi Prose |
| 9 (RLIN) | 16999 |
| 906 ## - LOCAL DATA ELEMENT F, LDF (RLIN) | |
| a | 057031 |
| 942 ## - ADDED ENTRY ELEMENTS (KOHA) | |
| Source of classification or shelving scheme | Dewey Decimal Classification |
| Koha item type | Book |
| Withdrawn status | Lost status | Damaged status | Not for loan | Collection code | Home library | Current library | Shelving location | Date acquired | Source of acquisition | Cost, normal purchase price | Total Checkouts | Full call number | Barcode | Date last seen | Date last checked out | Price effective from | Koha item type |
|---|---|---|---|---|---|---|---|---|---|---|---|---|---|---|---|---|---|
| St Aloysius Library | St Aloysius Library | 02/17/2021 | Aparna Prakashan, Kanpur. | 150.00 | 1 | H891.4 TARA | 057031 | 05/13/2022 | 04/21/2022 | 02/17/2021 | Book | ||||||
| St Aloysius Library | St Aloysius Library | 02/17/2021 | Aparna Prakashan, Kanpur. | 150.00 | H891.4 TARA | 059488 | 02/17/2021 | 02/17/2021 | Book |